|
|
|
|
| LEADER |
01339nam a2200301 a 4500 |
| 001 |
AAL185 |
| 003 |
BD-DhAAL |
| 005 |
20160210165922.0 |
| 008 |
150201s1991 ii a b 001 0 eng |
| 010 |
|
|
|a 91013734
|
| 020 |
|
|
|a 0803996896
|
| 040 |
|
|
|a DLC
|c DLC
|d DLC
|d BD-DhAAL
|
| 050 |
0 |
0 |
|a HC438.M33
|b C46 1991
|
| 082 |
0 |
0 |
|a 363.3/492
|2 20
|
| 999 |
|
|
|c 33542
|d 33542
|
| 999 |
|
|
|c 33542
|
| 100 |
1 |
|
|a Chen, Martha Alter.
|9 7765
|
| 245 |
1 |
0 |
|a Coping with seasonality and drought /
|c Martha Alter Chen.
|
| 260 |
|
|
|a New Delhi ;
|a Newbury Park :
|b Sage Publications,
|c 1991.
|
| 300 |
|
|
|a 254 p. :
|b ill. ;
|c 23 cm.
|
| 504 |
|
|
|a Includes bibliographical references (p. [238]-254 and index.
|
| 650 |
|
0 |
|a Droughts
|x Economic aspects
|z India
|z Maatisar.
|9 7766
|
| 650 |
|
0 |
|a Water resources development
|z India
|z Maatisar.
|9 7767
|
| 651 |
|
0 |
|a Maatisar (India)
|x Economic conditions.
|9 7768
|
| 942 |
|
|
|2 ddc
|c BK
|
| 952 |
|
|
|0 0
|1 0
|2 ddc
|4 0
|6 363_349200000000000_CHE
|7 0
|9 52401
|a SCL
|b SCL
|c GEN
|d 2015-02-01
|l 0
|o 363.3492 CHE
|p 3020000185
|r 2015-02-01
|t 1
|w 2015-02-01
|y BK
|
| 952 |
|
|
|0 0
|1 0
|2 ddc
|4 0
|6 363_349200000000000_CHE
|7 0
|9 53824
|a SCL
|b SCL
|c GEN
|d 2015-05-23
|l 0
|o 363.3492 CHE
|p 3020001531
|r 2015-05-23
|t 2
|w 2015-05-23
|y BK
|
| 952 |
|
|
|0 0
|1 0
|2 ddc
|4 0
|6 363_349200000000000_CHE
|7 0
|9 53825
|a SCL
|b SCL
|c GEN
|d 2015-05-23
|l 0
|o 363.3492 CHE
|p 3020001390
|r 2015-05-23
|t 3
|w 2015-05-23
|y BK
|